00410nam a2200145 i 4500001000700000003000900007005001700016007000300033008004100036245005100077260005600128300003100184650002800215852002100243120004ES-MaACL20230906191440.0t|070214s1919 sp r ||||1| spa d03aLa pintura vasca, 1909 - 1919 b: antología. aBilbao : bBiblioteca de Amigos del País, c1919. aXV, 278 p. ; c21 x 14 cm. 4aPintura-zPaís Vasco. aES-MaACLjF-1514